000
00379nam a2200133Ia 4500
008
100328s9999 xx 000 0 und d
082
_b
53006
100
_a
आपटे ह.ना.
245
_a
माली स्थिती
260
_b
आर्यभूषण
630
_a
माली स्थिती
730
_a
माली स्थिती
942
_c
BOOK
999
_c
539852
_d
539849